000 00817nmm a2200265 a 4500
001 ocm000708947
003 TR-IsHL
005 20201028142734.0
008 140118s2005 tu tur
007 cr cn
035 _a708947
_b(N$T)
050 0 4 _aPL248.S44
_bD58 2005
090 0 4 _aPL248.S44
_bD58 2005
100 1 _aSefercioğlu, Nejat
245 1 0 _aDîvançe-i seferî
_h[electronic resource] /
_cNejat Sefercioğlu
250 _a2. bs.
260 _aKonya :
_bTablet Kitabevi,
_c2005
300 _a145 p.
650 4 _aDil ve Edebiyat
650 4 _aLanguage and Literature
650 0 _aTurkish poetry
650 0 _aTürk şiiri
650 7 _aLITERARY COLLECTIONS / Middle Eastern
_2bisacsh
856 4 0 _uhttp://search.ebscohost.com/login.aspx?direct=true&scope=site&db=e011xww&AN=708947
999 _c8519
_d8519